Pokemon - Equipe des dresseurs clés - Kanto - Statistiques

Statistiques générales
  • Ce quiz a été pris 101 fois
  • Le résultat moyen est 122 sur 155
Statistiques - réponses
Hint Réponse % Correct
Onix
98%
Pierre (Rouge) Racaillou
98%
Dracaufeu
93%
Mega Dracaufeu-X
93%
Pikachu
93%
Ondine (Rouge) Stari
93%
Staross
93%
Major Bob (Rouge) Voltorbe
93%
Alakazam
90%
Electrode
90%
Florizarre
90%
Grolem
90%
Aldo (Let's Go - Revanche) Grolem d'Alola
90%
Kadabra
90%
Ondine (Or) Lokhlass
90%
Giovanni ( Champion - Rouge) Nidoking
90%
Nidoqueen
90%
Raichu
90%
Aldo (Rouge Feu - Revanche) Steelix
90%
Aeromite
88%
Arcanin
88%
Bulbizarre
88%
Auguste (Rouge) Caninos
88%
Carapuce
88%
Agatha (Rouge) Ectoplasma
88%
Pierre (Or) Gravalanch
88%
Leviator
88%
Mackogneur
88%
Blue (Laboratoire Chen - Rouge) Salamèche
88%
Spectrum
88%
Tortank
88%
Carabaffe
86%
Draco
86%
Dracolosse
86%
Empiflor
86%
Herbizarre
86%
Olga (Rouge) | Ondine (Let's go - Revanche) Lamantine
86%
Magmar
86%
Koga (Let's Go) Nosferalto
86%
Ponyta
86%
Pierre (let's go - Revanche) Ptera
86%
Erika (Rouge) Rafflesia
86%
Reptincel
86%
Rhinoferos
86%
Blue (Sylph SARL - Rouge) Roucarnage
86%
Pokemon (Jaune) Abra
83%
Amonistar
83%
Aquali
83%
Erika (Jaune) Boustiflor
83%
Galopa
83%
Kabutops
83%
Kicklee
83%
Lippoutou
83%
Major Bob (Let's go) Magneti
83%
Erika (Let's Go - Revanche) Noadkoko
83%
Pokemon (Let's Go - Revanche) Noadkoko d'Alola
83%
Auguste ( Let's Go - Revanche) Pyroli
83%
Rhinocorne
83%
Roucoups
83%
Koga (Rouge) Smogo
83%
Smogogo
83%
Tygnon
83%
Major Bob (Let's Go - Revanche) Voltali
83%
Akwakwak
81%
Crustabri
81%
Blue (laboratoire Chen - Jaune) Evoli
81%
Grotadmorv
81%
Auguste (Soulsilver - Revanche) Maganon
81%
Magneton
81%
Agatha (Rouge feu - Revanche) Nostenfer
81%
Blue (Azuria - Rouge) Rattata
81%
Blue (Océane - Rouge) Rattatac
81%
Blue (Route 22 - Rouge) Roucool
81%
Arbok
79%
Major Bob (Or) Elektek
79%
Morgane (Let's Go) Flagadoss
79%
Koga (Jaune) Mimitoss
79%
Ortide
79%
Blue (Sylphe SARL - Jaune) Sablaireau
79%
Olga (Let's Go - Revanche) Sablaireau d'Alola
79%
Saquedeneu
79%
Peter (Let's Go) Hypocean
76%
Giovanni (Sylph SARL - Rouge) Nidorino
76%
Agatha (Let's Go - Revanche) Ossatueur d'Alola
76%
Giovanni ( Casino - Jaune) Persian
76%
Ondine (Let's Go) Psykokwak
76%
Triopikeur
76%
Peter (Rouge Feu - Revanche) Hyporoi
74%
Magnezone
74%
Major Bob (Soulsilver - Revanche) Elekable
71%
Auguste (Jaune) Feunard
71%
Kangourex
71%
Pokemon (Or) Mentali
71%
Feuforeve
69%
Morgane (Rouge) M.Mime
69%
Blue (Tour Pokemon - Rouge) Noeunoeuf
69%
Erika (Soulsilver - Revanche) Bouldeneu
67%
Demolosse
67%
Blue (Tour Pokemon - Jaune) Goupix
67%
Morgane (Let's Go - Revanche) Hypnomade
67%
Erika (Or) Joliflor
67%
Blue ( Ligue Pokemon - Revanche - Rouge feu) Tyranocif
67%
Pokemon (Or) Volcaropod
67%
Elecsprint
64%
Koga (Let's go - Revanche) Tentacruel
64%
Camerupt
62%
Ondine (Soulsilver - Revanche) Lanturn
62%
Parasect
62%
Rapasdepic
62%
Chartor
60%
Blue (Route 22 - Jaune) Piafabec
60%
Aldo (Let's Go) Tartard
60%
Charkos
57%
Cotovol
57%
Kokiyas
57%
Blue (Azuria - Jaune) Sabelette
57%
Olga (Rouge feu - revanche) Cochignon
55%
Pokemon (Soulsilver - Revanche) Gallame
55%
Maraiste
55%
Blue (Champion - Revanche - Let's Go) Tauros
55%
Scarhino
48%
Pachirisu
45%
Milobellus
40%
Musteflott
40%
Qulbutoke
38%
Tengalice
38%
Pierre (Soulsilver - revanche) Relicanth
36%
Aucun quiz correspondant
Distribution des résultats
% des personnes avec chaque résultat
Percentile par nombre de réponses
Votre historique - résultats
Vous n’avez pas pris ce quiz